[Event "Kuala Lumpur Varsity-ch 20th"]
[Site "Kuala Lumpur"]
[Date "2016.01.21"]
[Round "2"]
[White "Saleh, Fikri"]
[Black "Perera, WCC"]
[Result "1/2-1/2"]
[WhiteElo "1747"]
[BlackElo "2089"]
[PlyCount "87"]
[EventDate "2016.01.21"]
[EventType "swiss"]
[EventRounds "9"]
[EventCountry "MAS"]
[SourceTitle "CBM 170 Extra"]
[Source "ChessBase"]
[SourceDate "2016.02.25"]
[SourceVersion "1"]
[SourceVersionDate "2016.02.25"]
[SourceQuality "1"]

1. d4 g6 2. Nf3 Bg7 3. e3 Nf6 4. Bd3 d6 5. 0-0 0-0 6. b3 Nbd7 7. Bb2 e5 8. Nbd2 Re8 9. dxe5 Ng4 10. Rb1 Ngxe5 11. Be2 Qe7 12. Nc4 Nxc4 13. Bxc4 Ne5 14. Nxe5 Bxe5 15. Qf3 Bf5 16. Bd3 Bxd3 17. cxd3 c6 18. d4 Bg7 19. Ba3 Qe6 20. d5 Qxd5 21. Qxd5 cxd5 22. Bxd6 d4 23. exd4 Rad8 24. Be5 Bxe5 25. dxe5 Rxe5 26. Rfe1 Rxe1+ 27. Rxe1 Rd2 28. Ra1 Rb2 29. g3 Kg7 30. Kg2 Kf6 31. Kf3 h5 32. h4 b5 33. Ke3 a5 34. f3 b4 35. Kf4 Rh2 36. Ke4 Ke6 37. Kf4 Kf6 38. Ke4 Rd2 39. Ke3 Rc2 40. Ke4 Re2+ 41. Kf4 Ke6 42. a3 Rb2 43. axb4 axb4 44. Re1+ 1/2-1/2

[Event "Dewan Astana Karnival op"]
[Site "Dewan Astana"]
[Date "2015.08.01"]
[Round "7"]
[White "Mohd, Zakwan Ahmad Zaliza"]
[Black "Saleh, Fikri"]
[Result "0-1"]
[WhiteElo "1661"]
[BlackElo "1772"]
[PlyCount "75"]
[EventDate "2015.07.29"]
[EventType "swiss"]
[EventRounds "7"]
[EventCountry "MAS"]
[SourceTitle "EXT 2017"]
[Source "ChessBase"]
[SourceDate "2016.10.25"]
[SourceVersion "1"]
[SourceVersionDate "2016.10.25"]
[SourceQuality "1"]

1. c4 d6 2. g3 c6 3. Bg2 Nf6 4. e3 e5 5. d4 Qc7 6. Ne2 Be7 7. 0-0 0-0 8. Nbc3 Nbd7 9. b3 Rb8 10. d5 Ne8 11. f4 f5 12. e4 Nb6 13. Be3 Bd7 14. Rc1 Nf6 15. Qc2 Ng4 16. Bf2 Rf6 17. h3 Nxf2 18. Rxf2 Rbf8 19. Kh2 Qc8 20. Qd2 Rh6 21. fxe5 dxe5 22. Rcf1 f4 23. gxf4 Bxh3 24. f5 Bxf5+ 25. Kg1 Bg4 26. Rxf8+ Bxf8 27. Ng3 Bc5+ 28. Rf2 Rf6 29. Nh1 Bh3 30. Nd1 Bxg2 31. Kxg2 Qg4+ 32. Ng3 Bxf2 33. Nxf2 Qf3+ 34. Kh2 Qxf2+ 35. Qxf2 Rxf2+ 36. Kh3 Rf3 37. Kg2 Rxg3+ 38. Kxg3 0-1

[Event "Dewan Astana Karnival op"]
[Site "Dewan Astana"]
[Date "2015.07.30"]
[Round "2"]
[White "Mohamad, Sharil Madlan"]
[Black "Saleh, Fikri"]
[Result "0-1"]
[WhiteElo "1483"]
[BlackElo "1772"]
[PlyCount "66"]
[EventDate "2015.07.29"]
[EventType "swiss"]
[EventRounds "7"]
[EventCountry "MAS"]
[SourceTitle "EXT 2017"]
[Source "ChessBase"]
[SourceDate "2016.10.25"]
[SourceVersion "1"]
[SourceVersionDate "2016.10.25"]
[SourceQuality "1"]

1. d4 Nf6 2. e3 d6 3. Nf3 c6 4. Be2 Qc7 5. b3 e5 6. dxe5 dxe5 7. Bb2 Nbd7 8. 0-0 Be7 9. c4 0-0 10. Nc3 Re8 11. Qc2 Nf8 12. Rad1 Ng6 13. Ne4 Nxe4 14. Qxe4 f5 15. Qc2 Be6 16. Nd2 e4 17. Bh5 Bf7 18. f3 Qb6 19. Bd4 Bc5 20. Bxc5 Qxc5 21. fxe4 fxe4 22. Nxe4 Qxh5 23. Nd6 Re7 24. Qc3 Qe5 25. Qc2 Qxe3+ 26. Kh1 Be6 27. h3 Rf8 28. Rfe1 Qg3 29. Re2 Nf4 30. Rf2 Bxh3 31. gxh3 Qxh3+ 32. Kg1 Qg3+ 33. Rg2 Re1+ 0-1

[Event "Dewan Astana Karnival op"]
[Site "Dewan Astana"]
[Date "2015.07.29"]
[Round "1"]
[White "Saleh, Fikri"]
[Black "Mohd, Syafiq Ashraff Mohd"]
[Result "1-0"]
[WhiteElo "1772"]
[BlackElo "1441"]
[PlyCount "120"]
[EventDate "2015.07.29"]
[EventType "swiss"]
[EventRounds "7"]
[EventCountry "MAS"]
[SourceTitle "EXT 2017"]
[Source "ChessBase"]
[SourceDate "2016.10.25"]
[SourceVersion "1"]
[SourceVersionDate "2016.10.25"]
[SourceQuality "1"]

1. d4 d5 2. c4 e6 3. Nf3 Nf6 4. Nc3 Be7 5. Bf4 0-0 6. e3 c5 7. Be2 Nc6 8. 0-0 Nh5 9. Bg3 Nxg3 10. hxg3 dxc4 11. Bxc4 b6 12. Qa4 Bb7 13. Rfd1 Qc8 14. Rac1 cxd4 15. Nxd4 Nxd4 16. exd4 Qc6 17. Qxc6 Bxc6 18. d5 exd5 19. Bxd5 Bxd5 20. Nxd5 Bg5 21. f4 Bf6 22. Nxf6+ gxf6 23. Rd6 Rfd8 24. Rxf6 Rac8 25. Rxc8 Rxc8 26. Rf5 Rc2 27. Rb5 Kg7 28. a4 Rc1+ 29. Kf2 Kg6 30. b4 Rb1 31. g4 Rb2+ 32. Kg3 Rb3+ 33. Kh4 Rb2 34. Kh3 Rb3+ 35. g3 Rb1 36. a5 bxa5 37. Rxa5 Rxb4 38. Rxa7 Rb1 39. g5 Rb5 40. Ra6+ Kg7 41. Kg4 Rb3 42. f5 Rb4+ 43. Kh5 Kf8 44. f6 Ke8 45. Ra8+ Kd7 46. Rf8 Ke6 47. Re8+ Kf5 48. Re1 Rb2 49. Rf1+ Ke6 50. Kh6 Rh2+ 51. Kg7 Rh5 52. Re1+ Kf5 53. g4+ Kxg4 54. Rg1+ Kf5 55. Kxf7 Rxg5 56. Rxg5+ Kxg5 57. Kg7 h5 58. f7 h4 59. f8Q h3 60. Qf2 Kg4 1-0

[Event "ASEAN-ch U16 13th"]
[Site "Hue"]
[Date "2012.06.14"]
[Round "4"]
[White "Saleh, Fikri"]
[Black "Nguyen, Tan Thinh"]
[Result "0-1"]
[WhiteElo "1692"]
[BlackElo "1911"]
[PlyCount "70"]
[EventDate "2012.06.11"]
[EventType "swiss"]
[EventRounds "9"]
[EventCountry "VIE"]
[SourceTitle "CBM 149 Extra"]
[Source "ChessBase"]
[SourceDate "2012.08.24"]
[SourceVersion "1"]
[SourceVersionDate "2012.08.24"]
[SourceQuality "1"]

1. d4 d5 2. c4 c6 3. Nc3 Nf6 4. Bf4 dxc4 5. e3 b5 6. a4 Bd7 7. axb5 cxb5 8. b3 b4 9. Na2 cxb3 10. Qxb3 Qa5 11. Rb1 e6 12. Nf3 Nd5 13. Nd2 Nxf4 14. exf4 Nc6 15. Nf3 Qf5 16. Bd3 Qxf4 17. Qb2 Be7 18. 0-0 0-0 19. Qc2 g6 20. Rfd1 Rfc8 21. Qe2 Bf6 22. Ba6 Rcb8 23. Qd3 Rb6 24. Nc1 Qd6 25. Bc4 Na5 26. Nb3 Nxb3 27. Qxb3 Bc6 28. d5 exd5 29. Bxd5 Bxd5 30. Rxd5 Qc6 31. Ra5 Qc3 32. Qa4 a6 33. h3 b3 34. Rd5 Qb4 35. Qd7 Rd8 0-1